Kinésithérapie mandibulo-faciale (Record no. 48370)
[ view plain ]
| 000 -LEADER | |
|---|---|
| fixed length control field | 00451nam a22001697a 4500 |
| 008 - FIXED-LENGTH DATA ELEMENTS--GENERAL INFORMATION | |
| fixed length control field | 101125t xxu||||| |||| 00| 0 eng d |
| 020 ## - INTERNATIONAL STANDARD BOOK NUMBER | |
| International Standard Book Number | 2-224-01072-9 |
| 040 ## - CATALOGING SOURCE | |
| Original cataloging agency | BUAC |
| Transcribing agency | SDINJS |
| 041 ## - LANGUAGE CODE | |
| Language code of text/sound track or separate title | FR |
| 082 ## - DEWEY DECIMAL CLASSIFICATION NUMBER | |
| Classification number | 615.825 JOU |
| 100 ## - MAIN ENTRY--PERSONAL NAME | |
| Personal name | JOUVIN, Bruno .- |
| 9 (RLIN) | 11574 |
| 245 ## - TITLE STATEMENT | |
| Title | Kinésithérapie mandibulo-faciale |
| 260 ## - PUBLICATION, DISTRIBUTION, ETC. (IMPRINT) | |
| Place of publication, distribution, etc | Paris: |
| Name of publisher, distributor, etc | Maloine, |
| Date of publication, distribution, etc | 1985 .- |
| 300 ## - PHYSICAL DESCRIPTION | |
| Extent | 192 p.; |
| Dimensions | 24 cm .- |
| 650 ## - SUBJECT ADDED ENTRY--TOPICAL TERM | |
| Topical term or geographic name as entry element | Gymnastique médicale |
| 9 (RLIN) | 11575 |
| 942 ## - ADDED ENTRY ELEMENTS (KOHA) | |
| Item type | Livre |
| Withdrawn status | Lost status | Damaged status | Not for loan | Location (home branch) | Sublocation or collection (holding branch) | Date acquired | Koha issues (times borrowed) | Koha full call number | Piece designation (barcode) | Koha date last seen | Copy number | Price effective from | Koha item type | Public note |
|---|---|---|---|---|---|---|---|---|---|---|---|---|---|---|
| Service Documentation Institut National Jeunesse Sport | Service Documentation Institut National Jeunesse Sport | 25/11/2010 | 615.825 JOU | 1947 INJEPS | 25/11/2010 | 1 | 25/11/2010 | Livre exclu du prêt | Exclu du prêt |